Ordeal by fire
Written by a leading Civil War historian and Pulitzer Prize winner, this text describes the social, economic, political, and ideological conflicts that led to a unique, tragic, and transitional event in American history. The third edition incorporates recent scholarship and addresses renewed areas o...
Saved in:
| Main Author: | |
|---|---|
| Format: | Book |
| Language: | Undetermined |
| Published: |
Boston
McGraw-Hill
2001
|
| Subjects: | |
| Tags: |
Add Tag
No Tags, Be the first to tag this record!
|
| Institutions: | Trung tâm Học liệu Trường Đại học Cần Thơ |
|---|
| LEADER | 01118nam a2200229Ia 4500 | ||
|---|---|---|---|
| 001 | CTU_166246 | ||
| 008 | 210402s9999 xx 000 0 und d | ||
| 020 | |c 20 | ||
| 082 | |a 973.7 | ||
| 082 | |b M113/Vol.1 | ||
| 100 | |a McPherson, James M. | ||
| 245 | 0 | |a Ordeal by fire | |
| 245 | 0 | |c James M. McPherson | |
| 260 | |a Boston | ||
| 260 | |b McGraw-Hill | ||
| 260 | |c 2001 | ||
| 520 | |a Written by a leading Civil War historian and Pulitzer Prize winner, this text describes the social, economic, political, and ideological conflicts that led to a unique, tragic, and transitional event in American history. The third edition incorporates recent scholarship and addresses renewed areas of interest in the Civil War/Reconstruction era including the motivations and experiences of common soldiers and the role of women in the war effort | ||
| 650 | |a United States,Reconstruction (U.S. history, 1865-1877),Lịch sử Hoa Kỳ,Nội chiến Hoa Kỳ | ||
| 650 | |x History | ||
| 650 | |y Civil War, 1861-1865,1861-1865,1861-1865 | ||
| 910 | |a Nguyên | ||
| 980 | |a Trung tâm Học liệu Trường Đại học Cần Thơ | ||